| 000 | 00454nam a22001817a 4500 | ||
|---|---|---|---|
| 003 | MPLRDC | ||
| 005 | 20220104144243.0 | ||
| 008 | 210129b ||||| |||| 00| 0 eng d | ||
| 020 | _a7-5382-6441-8 | ||
| 082 | _a177.2 SHER | ||
| 100 | _aBRAIN SHER | ||
| 245 |
_a富人拼命保守的秘密 _c |
||
| 250 | _a第一版 | ||
| 260 |
_a中国 _b中信出版社 _c2002 |
||
| 300 | _b229 | ||
| 650 | _a应用心理学--成功法 | ||
| 942 |
_cBK _o177.2 SHER |
||
| 999 |
_c47844 _d47834 |
||